| 000 | 00587nam a2200205 i 4500 | ||
|---|---|---|---|
| 001 | 41197 | ||
| 003 | ES-MaACL | ||
| 005 | 20230906160406.0 | ||
| 007 | t| | ||
| 008 | 030310s1923 sp ||||1| spa d | ||
| 100 | 1 |
_aCascón y Martínez, José. _936279 |
|
| 245 | 1 | 0 |
_aLabores de cultivo general / _cJosé Cascón. |
| 260 |
_aMadrid : _bCalpe, _c1923. |
||
| 300 |
_a164 p. : _bil. ; _c20 cm. |
||
| 490 | 1 | _aBiblioteca agrícola española | |
| 650 | 4 |
_aLabranza. _9156681 |
|
| 830 | 0 |
_aBiblioteca agrícola española _9181895 |
|
| 852 |
_aES-MaACL _jA-521 |
||
| 999 |
_c41197 _d41197 |
||